LIBRARY & INFORMATION CENTRE, KCAET, TAVANUR

ONLINE PUBLIC ACCESS CATALOGUE (OPAC)

Elements of mathematical logic / (Record no. 9614)

MARC details
000 -LEADER
fixed length control field 00402cam a2200157ua 4500
041 ## - LANGUAGE CODE
Language code of text/sound track or separate title eng
082 ## - DEWEY DECIMAL CLASSIFICATION NUMBER
Classification number 511.3
Item number ROS/EL
100 ## - MAIN ENTRY--AUTHOR NAME
Personal name Roseenblom, Paul c .
245 ## - TITLE STATEMENT
Title Elements of mathematical logic /
250 ## - EDITION STATEMENT
Edition statement 1 /
260 ## - PUBLICATION, DISTRIBUTION, ETC. (IMPRINT)
Place of publication New York :
Name of publisher Dover Publications ,
Year of publication 1950.
300 ## - PHYSICAL DESCRIPTION
Number of Pages 229 ; .
942 ## - ADDED ENTRY ELEMENTS (KOHA)
Koha item type Books
Holdings
Withdrawn status Lost status Damaged status Home library Current library Date acquired Full call number Accession Number Koha item type
Withdrawn     KAUAET KAUAET 07/04/2012 511.3 7987 Books
free website counter